01190nas a2200265Ia 4500001001100000003000900011008004100020040001300061040001300074041001300087100004300100210004200143222004200185245008600227250001100313260002900324501008600353300001700439362004200456500013600498650004300634942000700677999001900684952022100703R144/C1063IT-RoPAU151124c99999999xx |||||||||||| ||und|| aIT-RoPAU cIT-RoPAU aFRANCESE aMusso PierregCodice Aut. SPICS: 17552 aQUADERNI-LA REVUE DE LA COMMUNICATION aQuaderni-La Revue De La Communication aQUADERNI, N.017 (1992) - DISCOURS DE L'ECOLOGIEbMaladie Imaginaire Du "Paf" (La) a1a ed. aPARIGIbLAURA WINDc1992 bPaulus - SPICS - Società San Paolo EM (non-commercial uses only)cCopyright2015 a5 p. [31-35] aN.017 (1992) - DISCOURS DE L'ECOLOGIE aMalattia Immaginaria del Paf (Paesaggio Audiovisivo Francese). più Malatima Due Campioni in Eccellente Salute (Tf1 e Canal Plus). aCOMUNICAZIONEvPUBBLICAZIONE PERIODICA cCR c188610d188610 0010406R_144_000000000000000_C106371aSPICSbSPICSd2015-11-25l0oR144/C1063r2015-11-25 00:00:00w2015-11-25yCRzProgr. Ins: 61792 / Copia rara: NO / date import: 25.11.2015 / By Epidotti, Trombetti, Vaglietti